000 00703cam a2200229 a 4500
001 4428129
005 20250213163925.0
008 931221s1993 ilua 000 0 eng d
020 _a0802463207
050 0 0 _aBF575.A5
_bO45 1993
082 0 0 _a155.6/33
_220
100 1 _aOliver, Gary J.
245 1 0 _aPressure points /
_cGary J. Oliver and H. Norman Wright.
260 _aChicago :
_bMoody Press,
_cc1993.
300 _a284 p. :
_bill. ;
_c24 cm.
650 0 _aAnger
_xReligious aspects
_xChristianity.
650 0 _aStress (Psychology)
_xReligious aspects
_xChristianity..
650 0 _aWomen
_xPsychology.
650 0 _aWomen
_xConduct of life.
700 1 _aWright, H. Norman.
942 _2lcc
_cBK
_n0
999 _c3839
_d3839